000 00486cam a22001217a 4500
008 180718b2000 xxu||||| |||| 00| 0 eng d
082 _aV495x54 G941R
100 _aIndia. Ministry of Rural Development. Department of Drinking Water Supply
245 _aGuidelines for implementation of rural drinking water component under the Prime Minister's Gramodaya Yojana (PMGY) - rural drinking water
260 _aNew Delhi
_bThe author
_c2000
300 _a8p.
650 _aDrinking water - India
999 _c487875
_d487875